| 000 | 00527nab a2200193 a 4500 | ||
|---|---|---|---|
| 005 | 20210219161940.0 | ||
| 008 | 991125s1985 mx 000 0 spa u | ||
| 035 | _aUPN01000194730 | ||
| 100 | 1 | _aReyes Recio, Luisa Eugenia | |
| 222 | _aREVISTA DE ESTUDIOS DE JUVENTUD | ||
| 245 | _aAnálisis de la actividad emprendedora en España | ||
| 260 | _aEspaña | ||
| 300 | _a117-127 | ||
| 362 | 0 | _a2012 No. 99, dic. | |
| 653 | 0 | _aJOVENES EMPRENDEDORES | |
| 653 | 0 | _aEMPRENDIMIENTO | |
| 653 | 0 | _aESPAÑA | |
| 905 | _aArticulo | ||
| 999 |
_c166831 _d166831 |
||